000 00317pam a2200109a 44500
008 230405s1950 xxu||||| |||| 00| 0 eng d
041 _aENG
100 _aCOHEN OF BIRKENHEAT
245 _aTHE BRITISH ENCYCLOPADIA OF MEDICAL PRACTICE MEDICAL PROGRESS
260 _a
_bJOHN WILLY & SONS NEW YORK
_c1950
906 _a5200
999 _c280471
_d280471